| 000 | 00705nam a2200229 a 4500 | ||
|---|---|---|---|
| 001 | BRL_1493 | ||
| 005 | 20190320211232.0 | ||
| 008 | 270114s1940----mx-a######---#000-0#spa-# | ||
| 041 | _aspa | ||
| 044 | _amx | ||
| 050 | 4 |
_aF1219.3.D2 _b.C36 1940 |
|
| 100 | 1 |
_aCampobello, Nellie _d1900-1986 _916286 |
|
| 245 | 1 | 0 |
_aRitmos indígenas de México _cpor Nellie y Gloria Campobello ; dibujos de Mauro Rafael Moya. |
| 260 |
_aMéxico _b[s.n.] _c1940 |
||
| 300 |
_a246 p. _bil. (algunas a color) _c23 cm. |
||
| 500 | _aAu1729 | ||
| 650 | 1 | 4 |
_aIndígenas de México _xDanzas _927090 |
| 700 | 1 |
_aCampobello, Gloria _ecoaut. _927091 |
|
| 700 | 1 |
_aMoya, Mauro Rafael _eil. _927092 |
|
| 902 | _aGRL | ||
| 942 |
_2lcc _cB |
||
| 999 |
_c10303 _d10303 |
||